| 000 | 01805cam a2200505 a 4500 | ||
|---|---|---|---|
| 001 | 20727 | ||
| 003 | VRT | ||
| 005 | 20260130143744.0 | ||
| 008 | 240702s1997 xo er 000 f slo | ||
| 015 | _aSNBA1997/0601508 | ||
| 020 | _a8022007374 | ||
| 035 | _aSNK000228653 | ||
| 035 | _aurn:nbn:sk:snk-amkg12 | ||
| 035 | _aurn:nbn:sk:snk-am003cml | ||
| 035 | _a0842E7A7-CD76-4395-AB20-D6A92DA1F7A8 | ||
| 039 | 9 |
_a202411261019 _bmsnk123 _c202408282104 _dAUTHORITY _c202408282050 _dAUTHORITY _c202408282049 _dcsnk01 |
|
| 040 |
_aSNK _bslo _cSNK _eAACR2 |
||
| 041 | 1 |
_aslo _heng |
|
| 044 |
_axo _cSK |
||
| 072 | 7 |
_a821.111(73)-3 _xAmerická próza _2konspekt |
|
| 080 |
_a820 (73)-3 _21981 |
||
| 080 |
_a821.111(73)-31 _22011 |
||
| 080 |
_a(0:82-312.4) _22011 |
||
| 100 | 1 |
_aRobinson, Leah Ruth, _d1951- _4aut |
|
| 240 | 1 | 0 |
_aBlood run _lSlovensky |
| 245 | 1 | 0 |
_aSmrť v bielom _cLeah Ruth Robinsonová |
| 260 |
_aBratislava _bSlovenský spisovateľ _c1997 |
||
| 300 |
_a174 s. _c21 cm |
||
| 490 | 1 | _aZelená knižnica | |
| 500 | _aZ angličtiny preložil Miroslav Tkáč | ||
| 655 | 7 |
_aamerické romány _2SNKPH |
|
| 655 | 7 |
_adetektívne romány _2SNKPH |
|
| 700 | 1 |
_aTkáč, Miroslav _4trl |
|
| 830 | 0 | _aZelená knižnica | |
| 911 |
_aKN 1997/06 _b01508 |
||
| 942 |
_2ddc _cKLDO _n0 |
||
| 949 |
_9P60, <09>, [BOOK], {629} _asnkC 448 _bsnk875/970228 |
||
| 949 |
_617A0037420 _9P60, <03>, [BOOK], {603} _asnkSC 92490 _bsnkKSP 2029/97 _s6100:20140925 |
||
| 949 |
_617A0037421 _9P60, <05>, [BOOK], {605} _asnkSC 92490 D1 _bsnkKSP 2030/97 |
||
| 949 |
_64710701870 _astrmkB _bstrmk2008/1870 |
||
| 949 |
_6270001000042692 _asvkbbA 92960 _bsvkbbm 607639 _p607.639 |
||
| 949 |
_6273K0229007 _asvkpoA 169416 _bsvkpo421613 |
||
| 999 |
_c20727 _d20727 |
||